[Event "19th Biel Festival"]
[Site "Biel SUI"]
[Date "1986.07.20"]
[Round "1"]
[White "Cebalo, Miso"]
[Black "Hug, Werner"]
[Result "1/2-1/2"]
[WhiteElo "2475"]
[BlackElo "2455"]
[EventDate "1986.07.20"]
[PlyCount "65"]

1.d4 Nf6 2.Nf3 g6 3.c4 Bg7 4.Nc3 O-O 5.e4 d6 6.Be2 Bg4 7.Be3 Nfd7 8.Ng1 
Bxe2 9.Ngxe2 c5 10.O-O a6 11.dxc5 Nxc5 12.b4 Ncd7 13.Rc1 Nc6 14.Qb3 e6 15.
Rfd1 Qe7 16.h3 Rac8 17.Na4 Rfd8 18.Nb6 Nxb6 19.Bxb6 Re8 20.a3 Ne5 21.f4 
Nd7 22.Bf2 Rb8 23.Qd3 Bf8 24.a4 Rec8 25.a5 Qf6 26.Be3 Qb2 27.Rb1 Qg7 28.
Rdc1 h6 29.Kh1 Be7 30.Ng1 g5 31.Nf3 g4 32.hxg4 Nf6 33.e5 1/2-1/2

[Event "19th Biel Festival"]
[Site "Biel SUI"]
[Date "1986.07.20"]
[Round "1"]
[White "Kortschnoj, Viktor"]
[Black "Klinger, Josef"]
[Result "0-1"]
[WhiteElo "2650"]
[BlackElo "2430"]
[EventDate "1986.07.20"]
[PlyCount "70"]

1.Nf3 Nf6 2.c4 b6 3.g3 Bb7 4.Bg2 e6 5.O-O Be7 6.Nc3 O-O 7.d4 Ne4 8.Bd2 f5 
9.d5 Bf6 10.Rc1 Na6 11.Ne1 Nac5 12.b4 Nxc3 13.Bxc3 Ne4 14.Bxe4 fxe4 15.Ng2
Bg5 16.Qd4 Qe7 17.Rcd1 exd5 18.cxd5 c5 19.dxc6 dxc6 20.h4 Bf6 21.Qc4+ Kh8 
22.Bxf6 Rxf6 23.Ne3 Raf8 24.Rd2 Bc8 25.Rd4 Be6 26.Qc2 Qf7 27.Rxe4 Bh3 28.
f3 Bxf1 29.Nxf1 Re8 30.Nd2 Rd8 31.Kg2 h6 32.Nc4 Re6 33.Ne5 Qf5 34.g4 Qf6 
35.f4 Rf8 0-1

[Event "19th Biel Festival"]
[Site "Biel SUI"]
[Date "1986.07.21"]
[Round "2"]
[White "Rogers, Ian"]
[Black "Polugaevsky, Lev"]
[Result "1/2-1/2"]
[WhiteElo "2515"]
[BlackElo "2575"]
[EventDate "1986.07.20"]
[PlyCount "58"]

1.d4 Nf6 2.c4 e6 3.g3 Bb4+ 4.Bd2 Be7 5.Bg2 d5 6.Nf3 O-O 7.O-O c6 8.Qb3 b6 
9.Nc3 Nbd7 10.cxd5 cxd5 11.Rfc1 Bb7 12.Bf4 Nh5 13.Bd2 Rc8 14.Ne5 Nhf6 15.
Nxd7 Qxd7 16.a4 Ne4 17.Nxe4 dxe4 18.Bb4 Bd5 19.Qa3 Bxb4 20.Qxb4 Rxc1+ 21.
Rxc1 Rc8 22.Rxc8+ Qxc8 23.e3 Qc7 24.Bf1 a5 25.Qb5 Kf8 26.b3 Qc6 27.Qxc6 
Bxc6 28.Bc4 Ke7 29.Kf1 f6 1/2-1/2

[Event "19th Biel Festival"]
[Site "Biel SUI"]
[Date "1986.07.22"]
[Round "3"]
[White "Hort, Vlastimil"]
[Black "Lobron, Eric"]
[Result "1/2-1/2"]
[WhiteElo "2545"]
[BlackElo "2515"]
[EventDate "1986.07.20"]
[PlyCount "122"]

1.e4 c5 2.Nf3 e6 3.d3 Nc6 4.g3 g6 5.Bg2 Bg7 6.O-O Nge7 7.Re1 O-O 8.c3 e5 
9.a3 d6 10.b4 h6 11.Nbd2 Be6 12.Rb1 Qd7 13.b5 Na5 14.d4 Rac8 15.Qa4 b6 16.
Bb2 g5 17.d5 Bh3 18.c4 Ra8 19.Bc3 Nb7 20.Qc2 Bxg2 21.Kxg2 f5 22.exf5 Nxf5 
23.Ne4 Rf7 24.Qd3 Raf8 25.Nfd2 Nd4 26.Bxd4 cxd4 27.f3 Bf6 28.Re2 Bd8 29.
Rf1 h5 30.Ref2 Qf5 31.Kh1 Kh7 32.Qe2 Qg6 33.Nb3 Rf5 34.Nbd2 Be7 35.a4 Nd8 
36.Ra1 Nf7 37.a5 Bd8 38.a6 Nh6 39.Raf1 Be7 40.Kg1 R5f7 41.g4 h4 42.Rc1 Rf4
43.h3 Ng8 44.Rff1 Nf6 45.Nf2 Nd7 46.Nd3 Nc5 47.Nxc5 bxc5 48.Ne4 Bd8 49.Kg2
Bb6 50.Ra1 Kh6 51.Ra3 Rd8 52.Re1 Rff8 53.Qd2 Rf4 54.Nf2 Rdf8 55.Re4 R4f6 
56.Re1 Rf4 57.Qd3 Qxd3 58.Rxd3 Rd8 59.Ne4 Kg6 60.Ra3 Rd7 61.Nd2 Rf8 
1/2-1/2

[Event "19th Biel Festival"]
[Site "Biel SUI"]
[Date "1986.07.22"]
[Round "3"]
[White "Polugaevsky, Lev"]
[Black "Huebner, Robert"]
[Result "1/2-1/2"]
[WhiteElo "2575"]
[BlackElo "2620"]
[EventDate "1986.07.20"]
[PlyCount "30"]

1.d4 Nf6 2.c4 e6 3.Nf3 b6 4.g3 Ba6 5.b3 Bb7 6.Bg2 Bb4+ 7.Bd2 a5 8.O-O O-O 
9.Bf4 d5 10.Nbd2 c5 11.Rc1 Nc6 12.dxc5 Bxc5 13.Ne5 Rc8 14.Nxc6 Bxc6 15.e3 
Qe7 1/2-1/2

[Event "19th Biel Festival"]
[Site "Biel SUI"]
[Date "1986.07.23"]
[Round "4"]
[White "Huebner, Robert"]
[Black "Lobron, Eric"]
[Result "1/2-1/2"]
[WhiteElo "2620"]
[BlackElo "2515"]
[EventDate "1986.07.20"]
[PlyCount "57"]

1.e4 c6 2.d4 d5 3.Nc3 dxe4 4.Nxe4 Nd7 5.Bc4 Ngf6 6.Ng5 e6 7.Qe2 Nb6 8.Bd3 
h6 9.N5f3 c5 10.dxc5 Bxc5 11.Ne5 Nbd7 12.Ngf3 Nxe5 13.Nxe5 O-O 14.O-O b6 
15.Qf3 Qc7 16.Bf4 Bb7 17.Ng4 Bxf3 18.Nxf6+ gxf6 19.Bxc7 Bb7 20.Rfd1 Rac8 
21.Bf4 Kg7 22.c3 Rfd8 23.Bc2 e5 24.Be3 Bxe3 25.fxe3 Bd5 26.Bf5 Be6 27.Bxe6
fxe6 28.Kf2 Kf7 29.Ke2 1/2-1/2

[Event "19th Biel Festival"]
[Site "Biel SUI"]
[Date "1986.07.23"]
[Round "4"]
[White "Klinger, Josef"]
[Black "Hort, Vlastimil"]
[Result "0-1"]
[WhiteElo "2430"]
[BlackElo "2545"]
[EventDate "1986.07.20"]
[PlyCount "99"]

1.e4 e5 2.Nf3 Nc6 3.Bb5 a6 4.Ba4 Nf6 5.O-O Be7 6.Re1 b5 7.Bb3 d6 8.a4 b4 
9.a5 O-O 10.d4 Nxd4 11.Nxd4 exd4 12.Qxd4 Rb8 13.Bg5 h6 14.Bh4 Ng4 15.Bxe7 
Qxe7 16.Nd2 Be6 17.Nc4 Rfd8 18.Red1 Qg5 19.f3 Bxc4 20.fxg4 Be6 21.Bxe6 
fxe6 22.Qc4 Qc5+ 23.Qxc5 dxc5 24.Kf2 Kf7 25.Ke3 Ke7 26.b3 e5 27.Rd3 Rd4 
28.Rxd4 exd4+ 29.Kd3 Rf8 30.Re1 Kd6 31.e5+ Ke6 32.Re2 Rb8 33.Ke4 Rf8 34.
Kd3 Rb8 35.Ke4 Rb5 36.Rf2 Rxa5 37.Rf8 Ra2 38.Re8+ Kd7 39.Rg8 Rxc2 40.Rxg7+
Ke6 41.Rg6+ Ke7 42.Rxh6 c4 43.bxc4 b3 44.Rh3 b2 45.Rb3 a5 46.Rb7 a4 47.Kd5
d3 48.e6 d2 49.Rxc7+ Kd8 50.e7+ 0-1

[Event "19th Biel Festival"]
[Site "Biel SUI"]
[Date "1986.07.23"]
[Round "4"]
[White "Rogers, Ian"]
[Black "Kortschnoj, Viktor"]
[Result "1-0"]
[WhiteElo "2515"]
[BlackElo "2650"]
[EventDate "1986.07.20"]
[PlyCount "169"]

1.e4 e6 2.d4 d5 3.Nc3 Bb4 4.e5 c5 5.a3 Ba5 6.Bd2 Nc6 7.Nb5 Nxd4 8.Nxd4 
cxd4 9.Bb5+ Bd7 10.Bxd7+ Kxd7 11.Nf3 Bxd2+ 12.Qxd2 Qb6 13.O-O Ne7 14.Nxd4 
Rhc8 15.c3 h6 16.Kh1 Nc6 17.Nxc6 Qxc6 18.Rae1 Qc4 19.Kg1 a5 20.Re3 Ke7 21.
Rf3 Kf8 22.Rf4 Qb3 23.Qe2 Ra6 24.Rd1 Rac6 25.Rfd4 Qa2 26.R1d2 Rc4 27.Rxc4 
Rxc4 28.f3 Kg8 29.Qd1 Rc6 30.h3 Qc4 31.Qe2 Qb3 32.Qe3 b6 33.Kh2 Rc4 34.Qf2
Qb5 35.Kg1 Kf8 36.Kh1 Ke8 37.Qg3 g5 38.Qf2 Kd7 39.Qe3 Kc6 40.Qd3 Rf4 41.
Qb1 Qc5 42.Qd1 Kb7 43.Re2 h5 44.Rd2 Qc7 45.Qe1 Rf5 46.Re2 Qc4 47.Kg1 Kc6 
48.Rd2 Qf4 49.Re2 h4 50.Re3 Qc4 51.Qd2 Kb7 52.Qe1 Qc7 53.Kh1 Qc4 54.Kg1 
Kc7 55.Qd2 Kd7 56.Qe1 Ke7 57.Qd2 Kf8 58.Qe1 Qf4 59.Qd2 Kg8 60.Qe1 Kg7 61.
Qd2 b5 62.Qe1 Qc4 63.Qd2 Kg6 64.Kf2 Rf4 65.Rd3 Qe4 66.Rd4 Qxe5 67.Rxf4 
gxf4 68.Qd3+ Kf6 69.Qxb5 d4 70.Qb6 Qe3+ 71.Kf1 d3 72.Qd8+ Kf5 73.Qxh4 Qc1+
74.Kf2 Qxb2+ 75.Kg1 Qb6+ 76.Kh2 Qe3 77.Qh5+ Kf6 78.h4 Ke7 79.Qxa5 d2 80.
Qc7+ Kf6 81.Qd8+ Ke5 82.Qa5+ Kd6 83.c4 Qd4 84.Qd8+ Kc5 85.Qc7# 1-0

[Event "19th Biel Festival"]
[Site "Biel SUI"]
[Date "1986.07.25"]
[Round "5"]
[White "Cebalo, Miso"]
[Black "Huebner, Robert"]
[Result "1/2-1/2"]
[WhiteElo "2475"]
[BlackElo "2620"]
[EventDate "1986.07.20"]
[PlyCount "50"]

1.d4 d5 2.Nf3 Nf6 3.c4 dxc4 4.Nc3 c6 5.a4 Bf5 6.e3 e6 7.Bxc4 Bb4 8.O-O 
Nbd7 9.Qb3 a5 10.Nh4 Bg6 11.g3 Qc7 12.f3 O-O 13.e4 e5 14.Be3 exd4 15.Bxd4 
Bc5 16.Ne2 Rad8 17.Rfd1 Bxd4+ 18.Nxd4 Qb6 19.Ng2 Qxb3 20.Nxb3 Nb6 21.Be2 
Rxd1+ 22.Bxd1 Ra8 23.Nc5 Rb8 24.Nb3 Ra8 25.Nc5 Rb8 1/2-1/2

[Event "19th Biel Festival"]
[Site "Biel SUI"]
[Date "1986.07.25"]
[Round "5"]
[White "Hort, Vlastimil"]
[Black "Hug, Werner"]
[Result "1-0"]
[WhiteElo "2545"]
[BlackElo "2455"]
[EventDate "1986.07.20"]
[PlyCount "107"]

1.d4 Nf6 2.c4 g6 3.Nc3 Bg7 4.g3 O-O 5.Bg2 d6 6.Nf3 c6 7.O-O a6 8.Ne1 Nbd7 
9.Nd3 e5 10.d5 cxd5 11.cxd5 Ne8 12.e4 f5 13.Be3 f4 14.gxf4 Qh4 15.Ne2 Nef6
16.f3 Nh5 17.Qd2 exf4 18.Nexf4 Ne5 19.Rac1 Nxf4 20.Nxf4 Qe7 21.Ne2 Rf7 22.
Nd4 Bd7 23.Bg5 Qe8 24.Rc3 b5 25.b3 b4 26.Rc7 Bb5 27.Nxb5 Qxb5 28.Rxf7 Nxf7
29.Be3 Bc3 30.Qc2 Qd7 31.f4 Re8 32.Qd3 a5 33.Rf2 Qg4 34.Rf3 Qh4 35.Bh3 Qf6
36.Kg2 Nd8 37.Bf2 Qe7 38.Re3 Rf8 39.Bg3 g5 40.Bf5 Kh8 41.Rf3 Rg8 42.fxg5 
Rxg5 43.Qb5 Rg7 44.Kh1 h5 45.Qe2 Be5 46.Bf2 Kg8 47.Be3 h4 48.Bh6 Rf7 49.
Qg2+ Kh8 50.Rf1 Bd4 51.Qg4 h3 52.Qxh3 Kg8 53.Qg4+ Bg7 54.Bg5 1-0

[Event "19th Biel Festival"]
[Site "Biel SUI"]
[Date "1986.07.25"]
[Round "5"]
[White "Lobron, Eric"]
[Black "Klinger, Josef"]
[Result "1-0"]
[WhiteElo "2515"]
[BlackElo "2430"]
[EventDate "1986.07.20"]
[PlyCount "73"]

1.Nf3 Nf6 2.c4 b6 3.g3 Bb7 4.Bg2 e6 5.O-O Be7 6.Nc3 O-O 7.Re1 c5 8.e4 d6 
9.d4 cxd4 10.Nxd4 Qc8 11.b3 a6 12.Bb2 Nbd7 13.Rc1 Qc7 14.Rc2 Rad8 15.Rd2 
Ne5 16.Nc2 Qb8 17.f4 Ng6 18.Nd4 Rfe8 19.f5 exf5 20.Nxf5 Bf8 21.Rf2 Nd7 22.
Ref1 Nge5 23.Qh5 g6 24.Nh6+ Bxh6 25.Qxh6 Ng4 26.Qg5 Nxf2 27.Rxf2 Ne5 28.
Nd1 Qc7 29.Ne3 Rf8 30.Qf6 Qd7 31.Nf5 gxf5 32.Rxf5 Rfe8 33.Rg5+ Kf8 34.Qh8+
Ke7 35.Rxe5+ dxe5 36.Ba3+ Qd6 37.Qxe5+ 1-0

[Event "19th Biel Festival"]
[Site "Biel SUI"]
[Date "1986.07.26"]
[Round "6"]
[White "Cebalo, Miso"]
[Black "Kortschnoj, Viktor"]
[Result "1-0"]
[WhiteElo "2475"]
[BlackElo "2650"]
[EventDate "1986.07.20"]
[PlyCount "107"]

1.Nf3 Nf6 2.c4 e6 3.d4 Bb4+ 4.Nbd2 O-O 5.a3 Bxd2+ 6.Bxd2 Ne4 7.Be3 d5 8.
Rc1 dxc4 9.Rxc4 Qd5 10.Qc2 Bd7 11.g3 Bb5 12.Rb4 Bc6 13.Bg2 Na6 14.Rc4 Bb5 
15.Nd2 f5 16.Rc3 Nxc3 17.Bxd5 Nxd5 18.Qb3 Bc6 19.f3 Rae8 20.Nc4 b6 21.Ne5 
Bb7 22.O-O Nb8 23.Rc1 Rc8 24.Bd2 Rfe8 25.Kf2 h6 26.h3 Rf8 27.g4 f4 28.h4 
c6 29.Bb4 Rfd8 30.g5 hxg5 31.hxg5 Nd7 32.Bd6 Nxe5 33.Bxe5 Rf8 34.Rh1 Rf5 
35.g6 Rg5 36.Qd3 Rf8 37.Rh7 Nf6 38.Rh4 Nd5 39.Qe4 Rff5 40.Bxg7 Rxg6 41.Bh6
Rgf6 42.Bg5 Rxg5 43.Qh7+ Kf8 44.Qxb7 Rfg6 45.Qxa7 Rg1 46.Rh8+ Rg8 47.Rxg8+
Rxg8 48.Qd7 Rg6 49.Ke1 Ne7 50.Qd8+ Kf7 51.Qxb6 Rg5 52.Qc7 Rf5 53.a4 Ke8 
54.a5 1-0

[Event "19th Biel Festival"]
[Site "Biel SUI"]
[Date "1986.07.26"]
[Round "6"]
[White "Huebner, Robert"]
[Black "Klinger, Josef"]
[Result "1/2-1/2"]
[WhiteElo "2620"]
[BlackElo "2430"]
[EventDate "1986.07.20"]
[PlyCount "122"]

1.e4 e6 2.d4 d5 3.Nd2 c5 4.exd5 Qxd5 5.Ngf3 cxd4 6.Bc4 Qd6 7.O-O Nf6 8.Nb3
Nc6 9.Nbxd4 Nxd4 10.Qxd4 a6 11.Bf4 Qxd4 12.Nxd4 b5 13.Be2 Bb7 14.Nb3 Be7 
15.c4 bxc4 16.Na5 Bd5 17.Nxc4 Bc5 18.Rac1 O-O 19.a3 a5 20.Nxa5 Rxa5 21.Bc7
Bxa3 22.Bxa5 Bxb2 23.Rb1 Bd4 24.Rfc1 g5 25.Bc3 Bxc3 26.Rxc3 Kg7 27.Bf3 
Bxf3 28.Rxf3 Rd8 29.g3 Rd7 30.Rfb3 Ne4 31.Rb4 Nc3 32.R1b3 Nd5 33.Rb7 Rxb7 
34.Rxb7 h6 35.Kg2 Nf6 36.Kf3 Nd5 37.h3 Nf6 38.Ke3 Nd5+ 39.Kd4 Nf6 40.Ke5 
Nd5 41.Ra7 Nf6 42.f4 g4 43.h4 Nh5 44.f5 exf5 45.Kxf5 Nxg3+ 46.Kxg4 Ne4 47.
Ra4 Nf6+ 48.Kf5 Nd5 49.Rg4+ Kf8 50.Rg1 Ne7+ 51.Ke5 Ng6+ 52.Kf6 Nxh4 53.Rg7
Ke8 54.Rxf7 Nf3 55.Re7+ Kd8 56.Rh7 Nd4 57.Ke5 Nb5 58.Rxh6 Kd7 59.Rb6 Nc7 
60.Rd6+ Ke7 61.Rd1 Ne8 1/2-1/2

[Event "19th Biel Festival"]
[Site "Biel SUI"]
[Date "1986.07.26"]
[Round "6"]
[White "Hug, Werner"]
[Black "Lobron, Eric"]
[Result "0-1"]
[WhiteElo "2455"]
[BlackElo "2515"]
[EventDate "1986.07.20"]
[PlyCount "106"]

1.Nf3 Nf6 2.g3 c5 3.Bg2 Nc6 4.O-O e6 5.d3 Be7 6.e4 d6 7.Re1 O-O 8.Nbd2 Bd7
9.a4 Rc8 10.Nc4 Ng4 11.Nfd2 e5 12.h3 Nf6 13.Ne3 g6 14.Ndc4 Be6 15.c3 Qd7 
16.Kh2 Nh5 17.Nd5 Bd8 18.Bh6 Ng7 19.Qd2 Bxd5 20.exd5 Na5 21.Nxa5 Bxa5 22.
Re2 Rfe8 23.Qc2 Nf5 24.Bd2 Kg7 25.Qb3 a6 26.Rae1 h5 27.Be4 Nh6 28.Bg2 Ng8 
29.f4 exf4 30.Bxf4 Rxe2 31.Rxe2 Nf6 32.Qd1 Re8 33.Rxe8 Nxe8 34.d4 c4 35.
Bf1 b5 36.axb5 axb5 37.Qe2 Nf6 38.Bg2 Bd8 39.Qe3 Kh7 40.Qe2 Be7 41.Bf3 Qd8
42.b3 Qc7 43.bxc4 bxc4 44.Qa2 Kg7 45.Qa6 Qb8 46.Qxc4 Qb2+ 47.Kg1 Qc2 48.
Qb4 h4 49.gxh4 Qf5 50.Bxd6 Bxd6 51.Qxd6 Qxf3 52.Qe5 Qxc3 53.d6 Qxh3 0-1

[Event "19th Biel Festival"]
[Site "Biel SUI"]
[Date "1986.07.27"]
[Round "7"]
[White "Klinger, Josef"]
[Black "Hug, Werner"]
[Result "1-0"]
[WhiteElo "2430"]
[BlackElo "2455"]
[EventDate "1986.07.20"]
[PlyCount "107"]

1.e4 e6 2.d4 d5 3.Nc3 Bb4 4.Ne2 Ne7 5.a3 Bxc3+ 6.Nxc3 O-O 7.e5 Nbc6 8.Qg4 
f5 9.exf6 Rxf6 10.Bg5 e5 11.Qh4 Re6 12.O-O-O e4 13.f3 exf3 14.gxf3 h6 15.
Bxe7 Nxe7 16.Bh3 Rf6 17.Rde1 Ng6 18.Qg3 Bxh3 19.Qxh3 Qd6 20.Re3 c6 21.Rhe1
Raf8 22.Ne2 Nf4 23.Nxf4 Qxf4 24.Kb1 Qxd4 25.Qd7 R6f7 26.Re7 Qh4 27.R1e2 
Qf4 28.Qxb7 Qxf3 29.Qxc6 Kh7 30.Rxf7 Rxf7 31.Qe6 Rf6 32.Qe5 Rf5 33.Qe7 Qg4
34.Re1 a5 35.Qe3 Rf3 36.Qd2 a4 37.Qxd5 Rf2 38.Re8 Rf5 39.Qd3 Qg6 40.Ra8 h5
41.Rxa4 Rf2 42.Qxg6+ Kxg6 43.h4 Rg2 44.Kc1 Kh7 45.Rd4 g5 46.hxg5 Kg6 47.b4
Kxg5 48.b5 h4 49.b6 h3 50.b7 h2 51.b8=Q h1=Q+ 52.Kb2 Rxc2+ 53.Kxc2 Qh2+ 
54.Qxh2 1-0

[Event "19th Biel Festival"]
[Site "Biel SUI"]
[Date "1986.07.27"]
[Round "7"]
[White "Lobron, Eric"]
[Black "Greenfeld, Alon"]
[Result "0-1"]
[WhiteElo "2515"]
[BlackElo "2510"]
[EventDate "1986.07.20"]
[PlyCount "82"]

1.Nf3 Nf6 2.d4 d5 3.c4 e6 4.Nc3 Be7 5.Bg5 h6 6.Bh4 O-O 7.e3 b6 8.Bd3 Bb7 
9.O-O Nbd7 10.Rc1 c5 11.Qe2 Ne4 12.Bg3 cxd4 13.exd4 Nxg3 14.hxg3 dxc4 15.
Bxc4 Nf6 16.Rfd1 Bb4 17.Ne5 Qe7 18.a3 Bxc3 19.Rxc3 Rac8 20.Re3 Rc7 21.Nxf7
Rxc4 22.Nxh6+ gxh6 23.Qxc4 Bd5 24.Qc2 Qg7 25.g4 h5 26.g5 Ng4 27.Rc3 Qxg5 
28.Rc8 Nf6 29.f3 h4 30.Qc1 Qg3 31.Rxf8+ Kxf8 32.Qc8+ Ke7 33.Rc1 Ne8 34.Qc2
Bxf3 35.Qf2 Qg5 36.Rc3 Bd5 37.Kh2 Nf6 38.Kh3 Be4 39.g4 hxg3 40.Qxg3 Qh5+ 
41.Qh4 Bg2+ 0-1

[Event "19th Biel Festival"]
[Site "Biel SUI"]
[Date "1986.07.28"]
[Round "8"]
[White "Greenfeld, Alon"]
[Black "Klinger, Josef"]
[Result "1/2-1/2"]
[WhiteElo "2510"]
[BlackElo "2430"]
[EventDate "1986.07.20"]
[PlyCount "44"]

1.d4 e6 2.Nf3 f5 3.g3 Nf6 4.Bg2 Be7 5.O-O O-O 6.c4 d5 7.b3 c6 8.Ba3 Bxa3 
9.Nxa3 Qe7 10.Nc2 Bd7 11.Qd2 Be8 12.Qb4 Qc7 13.Nce1 Nbd7 14.Nd3 Bf7 15.
Rac1 Ne4 16.Nfe5 Nxe5 17.dxe5 d4 18.c5 Rfd8 19.f4 Nc3 20.Rxc3 dxc3 21.Bf3 
Qe7 22.Qxc3 g5 1/2-1/2

[Event "19th Biel Festival"]
[Site "Biel SUI"]
[Date "1986.07.28"]
[Round "8"]
[White "Polugaevsky, Lev"]
[Black "Hort, Vlastimil"]
[Result "1/2-1/2"]
[WhiteElo "2575"]
[BlackElo "2545"]
[EventDate "1986.07.20"]
[PlyCount "43"]

1.d4 Nf6 2.c4 e6 3.Nf3 b6 4.g3 Ba6 5.b3 Bb7 6.Bg2 Bb4+ 7.Bd2 a5 8.O-O O-O 
9.Qc2 Qe7 10.Bg5 h6 11.Bxf6 Qxf6 12.e4 a4 13.bxa4 Nc6 14.Rd1 e5 15.a3 Ba5 
16.d5 Nb8 17.Nbd2 d6 18.c5 bxc5 19.Rab1 Ba6 20.Nb3 Bb6 21.a5 Ba7 22.Nbd2 
1/2-1/2

[Event "19th Biel Festival"]
[Site "Biel SUI"]
[Date "1986.07.28"]
[Round "8"]
[White "Rogers, Ian"]
[Black "Lobron, Eric"]
[Result "1/2-1/2"]
[WhiteElo "2515"]
[BlackElo "2515"]
[EventDate "1986.07.20"]
[PlyCount "29"]

1.d4 Nf6 2.c4 d6 3.Nc3 Nbd7 4.e4 e5 5.Nf3 c6 6.Be2 Be7 7.O-O O-O 8.Qc2 a6 
9.h3 b5 10.c5 Bb7 11.cxd6 Bxd6 12.Bg5 h6 13.Bh4 exd4 14.Nxd4 Qc7 15.Nf5 
1/2-1/2

[Event "19th Biel Festival"]
[Site "Biel SUI"]
[Date "1986.07.30"]
[Round "9"]
[White "Lobron, Eric"]
[Black "Polugaevsky, Lev"]
[Result "1/2-1/2"]
[WhiteElo "2515"]
[BlackElo "2575"]
[EventDate "1986.07.20"]
[PlyCount "107"]

1.d4 Nf6 2.Nf3 e6 3.c4 b6 4.a3 Ba6 5.Qc2 Bb7 6.Nc3 c5 7.dxc5 bxc5 8.Bf4 
Be7 9.Rd1 O-O 10.e3 d6 11.Rd2 Qb6 12.Be2 Rd8 13.O-O Nbd7 14.Rfd1 Nf8 15.b4
cxb4 16.axb4 Rac8 17.Nd4 Ba8 18.Ndb5 e5 19.Bg5 a6 20.Bxf6 gxf6 21.Na3 Qxb4
22.Nab1 Rc5 23.Ne4 Bxe4 24.Qxe4 Ng6 25.Qd3 Ra5 26.Qc2 Ra1 27.Nc3 Rxd1+ 28.
Rxd1 Qc5 29.Qa4 f5 30.Qxa6 f4 31.Nd5 fxe3 32.Nxe3 Bg5 33.Nd5 Nf4 34.Nxf4 
Bxf4 35.g3 Bg5 36.Kg2 Be7 37.Qb7 Kf8 38.Qe4 Kg7 39.Ra1 Rc8 40.Bd3 Qc6 41.
Qxc6 Rxc6 42.Ra4 Rc5 43.Be4 Bd8 44.Bd5 Ra5 45.Rb4 Ra7 46.h4 f5 47.Rb8 Be7 
48.Rg8+ Kf6 49.h5 Rd7 50.h6 Rd8 51.Rg7 Bf8 52.Rxh7 Kg6 53.Rh8 Be7 54.Rxd8 
1/2-1/2

[Event "19th Biel Festival"]
[Site "Biel SUI"]
[Date "1986.07.31"]
[Round "10"]
[White "Cebalo, Miso"]
[Black "Lobron, Eric"]
[Result "1/2-1/2"]
[WhiteElo "2475"]
[BlackElo "2515"]
[EventDate "1986.07.20"]
[PlyCount "140"]

1.d4 Nf6 2.c4 e6 3.Nf3 d5 4.Nc3 Be7 5.Bg5 h6 6.Bxf6 Bxf6 7.Rc1 O-O 8.e3 c6
9.Bd3 Nd7 10.cxd5 exd5 11.b4 a6 12.a4 Re8 13.O-O Nf8 14.b5 Ne6 15.bxc6 
bxc6 16.Ne2 Qd6 17.Qc2 Bd7 18.Ng3 Rec8 19.Nf5 Qf8 20.Ne5 Be8 21.Qe2 g6 22.
Ng3 c5 23.Bxa6 Rcb8 24.Bb5 cxd4 25.Nc6 Bxc6 26.Rxc6 Rc8 27.Qg4 Bg7 28.Ne2 
dxe3 29.fxe3 Rxc6 30.Bxc6 Rd8 31.Bb5 Qc5 32.Qf3 Qa7 33.Kh1 h5 34.Rd1 Qc5 
35.Rf1 Qa7 36.h3 Ng5 37.Qf4 Ne4 38.Rc1 Rd6 39.Rc6 Rf6 40.Rxf6 Bxf6 41.Ng3 
Bg5 42.Qf3 Nxg3+ 43.Qxg3 Bxe3 44.Qf3 Qd4 45.Qf1 Bd2 46.Qd1 Qc3 47.Qf1 Kf8 
48.Qd3 Qc1+ 49.Qf1 Qc5 50.Qf6 Bc3 51.Qf4 Ba5 52.Qf6 Bc3 53.Qf4 Kg7 54.h4 
Ba5 55.g3 Bc7 56.Qf3 Bb6 57.Kg2 Qg1+ 58.Kh3 Bc7 59.Qc3+ d4 60.Qf3 f6 61.
Bc6 Be5 62.Be4 Qa1 63.Bc2 Qe1 64.Bd3 Bc7 65.Kg2 Qe5 66.Bc4 Kh6 67.a5 Bxa5 
68.Qa8 Qc7 69.Qh8+ Qh7 70.Qxf6 Qb7+ 1/2-1/2

[Event "19th Biel Festival"]
[Site "Biel SUI"]
[Date "1986.07.31"]
[Round "10"]
[White "Huebner, Robert"]
[Black "Greenfeld, Alon"]
[Result "1/2-1/2"]
[WhiteElo "2620"]
[BlackElo "2510"]
[EventDate "1986.07.20"]
[PlyCount "103"]

1.d4 Nf6 2.c4 e6 3.Nf3 d5 4.g3 dxc4 5.Bg2 Bd7 6.Ne5 Bc6 7.Nxc6 Nxc6 8.Qa4 
Qd7 9.Bxc6 Qxc6 10.Qxc6+ bxc6 11.O-O O-O-O 12.Be3 c5 13.dxc5 Ng4 14.c6 
Nxe3 15.fxe3 Bc5 16.Na3 Bxa3 17.bxa3 Rd6 18.Rxf7 g5 19.Rc1 Rxc6 20.Rc3 h6 
21.Kf2 Rd8 22.Rf6 Rd2 23.Rxh6 Rxa2 24.h4 gxh4 25.Rxh4 a5 26.Re4 Kd7 27.g4 
Ke7 28.Kf3 Kf6 29.Kf4 Rxe2 30.Rexc4 Rf2+ 31.Ke4 Rxc4+ 32.Rxc4 Rg2 33.Kf3 
Rb2 34.Kf4 Rf2+ 35.Ke4 Rg2 36.Kd3 Kg5 37.Rxc7 Kxg4 38.Ke4 Ra2 39.Rc3 a4 
40.Ke5 Rb2 41.Rc4+ Kf3 42.e4 Rb3 43.Rxa4 Re3 44.Rd4 Rxa3 45.Kxe6 Ke3 46.
Rc4 Kf4 47.e5+ Kg5 48.Rd4 Ra6+ 49.Rd6 Ra7 50.Rd1 Ra6+ 51.Kf7 Ra7+ 52.Ke6 
1/2-1/2

[Event "19th Biel Festival"]
[Site "Biel SUI"]
[Date "1986.07.31"]
[Round "10"]
[White "Polugaevsky, Lev"]
[Black "Klinger, Josef"]
[Result "1-0"]
[WhiteElo "2575"]
[BlackElo "2430"]
[EventDate "1986.07.20"]
[PlyCount "45"]

1.Nf3 Nf6 2.c4 b6 3.g3 e6 4.Bg2 Bb7 5.d4 Be7 6.Nc3 Ne4 7.Bd2 f5 8.Qc2 Nxc3
9.Bxc3 Be4 10.Qd2 d5 11.cxd5 exd5 12.O-O O-O 13.Bh3 Qd6 14.Ne5 f4 15.f3 
Bf5 16.Bxf5 Rxf5 17.gxf4 Nd7 18.e4 Rff8 19.Kh1 Rad8 20.Rad1 g6 21.Rg1 Kh8 
22.f5 g5 23.Qe2 1-0

[Event "19th Biel Festival"]
[Site "Biel SUI"]
[Date "1986.08.01"]
[Round "11"]
[White "Greenfeld, Alon"]
[Black "Rogers, Ian"]
[Result "1/2-1/2"]
[WhiteElo "2510"]
[BlackElo "2515"]
[EventDate "1986.07.20"]
[PlyCount "138"]

1.d4 Nf6 2.Nf3 e6 3.c4 Bb4+ 4.Nbd2 b6 5.a3 Bxd2+ 6.Bxd2 h6 7.e3 Bb7 8.Bd3 
Ne4 9.Qc2 Nxd2 10.Qxd2 d6 11.d5 e5 12.O-O a5 13.b4 O-O 14.Rfc1 Qf6 15.Rab1
axb4 16.axb4 Nd7 17.e4 Qe7 18.Qb2 Ra7 19.Ra1 Rfa8 20.Rxa7 Rxa7 21.Ra1 
Rxa1+ 22.Qxa1 Qd8 23.Ne1 Qa8 24.Qxa8+ Bxa8 25.Bc2 Bb7 26.Nd3 Ba6 27.Bb3 g6
28.f3 Kg7 29.Kf2 f5 30.Ke3 Nf6 31.h3 f4+ 32.Kd2 g5 33.Kc3 h5 34.Ba4 g4 35.
hxg4 hxg4 36.Bc6 Bc8 37.Kd2 Kf7 38.Ke2 Ba6 39.b5 Bc8 40.Kf2 Ke7 41.Ne1 
gxf3 42.gxf3 Bh3 43.Nd3 Nh5 44.Nc1 Nf6 45.Nd3 Nh7 46.Nc1 Nf8 47.Nd3 Nh7 
48.Nc1 Kd8 49.Nd3 Nf6 50.Nc1 Nh5 51.Ne2 Ke7 52.Nc1 Kf7 53.Ne2 Kf8 54.Ng1 
Bc8 55.Ne2 Ke7 56.Kg2 Kf7 57.Kf2 Kf6 58.Be8 Ng7 59.Bc6 Nh5 60.Be8 Ng7 61.
Bc6 Kg5 62.Nc1 Bh3 63.Nd3 Kf6 64.Nb4 Ke7 65.Nd3 Nh5 66.Nc1 Kf6 67.Be8 Ng3 
68.Ne2 Kg5 69.Nxg3 fxg3+ 1/2-1/2

[Event "19th Biel Festival"]
[Site "Biel SUI"]
[Date "1986.08.01"]
[Round "11"]
[White "Hug, Werner"]
[Black "Polugaevsky, Lev"]
[Result "0-1"]
[WhiteElo "2455"]
[BlackElo "2575"]
[EventDate "1986.07.20"]
[PlyCount "86"]

1.Nf3 Nf6 2.g3 d5 3.Bg2 c6 4.O-O Bf5 5.d3 e6 6.Nc3 h6 7.Qe1 Be7 8.e4 Bh7 
9.Qe2 O-O 10.Ne5 Nbd7 11.Nxd7 Qxd7 12.e5 Ne8 13.f4 f5 14.d4 c5 15.Be3 cxd4
16.Bxd4 a6 17.a4 Rc8 18.Qd3 Bg6 19.Bf3 Nc7 20.Be2 Qe8 21.Qf3 Kh8 22.Kg2 
Na8 23.h3 Rc6 24.Bd3 Nb6 25.Ne2 Nc4 26.Rad1 Rc8 27.b3 Na5 28.Be3 Nc6 29.
Nd4 Bh5 30.g4 fxg4 31.hxg4 Nxe5 32.Qg3 Nxg4 33.Bg1 Bb4 34.c4 Nf6 35.Rc1 
Ne4 36.Bxe4 dxe4 37.Be3 Rf6 38.Kh2 Rg6 39.Qf2 Bg4 40.Rg1 Bd6 41.Rg2 e5 42.
fxe5 Qxe5+ 43.Kg1 Qh5 0-1

[Event "19th Biel Festival"]
[Site "Biel SUI"]
[Date "1986.08.01"]
[Round "11"]
[White "Klinger, Josef"]
[Black "Cebalo, Miso"]
[Result "0-1"]
[WhiteElo "2430"]
[BlackElo "2475"]
[EventDate "1986.07.20"]
[PlyCount "58"]

1.e4 c5 2.c3 d6 3.d4 Nf6 4.dxc5 Nc6 5.f3 d5 6.exd5 Qxd5 7.Qxd5 Nxd5 8.Bc4 
e6 9.Bxd5 exd5 10.Be3 Ne5 11.b4 a5 12.Bd4 Nd3+ 13.Kd2 Bf5 14.a3 h5 15.Ne2 
Rh6 16.Be3 Rha6 17.Nf4 d4 18.cxd4 Nxf4 19.Bxf4 axb4 20.Re1+ Kd7 21.Re5 g6 
22.Kc1 Bg7 23.Re2 Re6 24.Rxe6 Kxe6 25.Be3 Kd5 26.Kb2 Re8 27.Bg1 Re1 28.
axb4 Bxb1 29.Rxb1 Rxg1 0-1

[Event "19th Biel Festival"]
[Site "Biel SUI"]
[Date "1986.08.01"]
[Round "11"]
[White "Lobron, Eric"]
[Black "Kortschnoj, Viktor"]
[Result "1-0"]
[WhiteElo "2515"]
[BlackElo "2650"]
[EventDate "1986.07.20"]
[PlyCount "65"]

1.Nf3 Nf6 2.c4 e6 3.d4 Bb4+ 4.Nbd2 c5 5.a3 Bxd2+ 6.Bxd2 cxd4 7.Nxd4 d5 8.
cxd5 Qxd5 9.e3 O-O 10.Bb4 Rd8 11.Be7 Rd7 12.Bxf6 gxf6 13.Qg4+ Kf8 14.Be2 
Nc6 15.Bf3 Qd6 16.Rd1 Ne5 17.Qh4 Nxf3+ 18.gxf3 Qe5 19.Rg1 h5 20.f4 Qa5+ 
21.b4 Qxa3 22.Qxf6 Qxb4+ 23.Kf1 Qc4+ 24.Kg2 b6 25.Kh3 Rd5 26.Rc1 e5+ 27.f5
Qxc1 28.Rxc1 exd4 29.Rc7 Bxf5+ 30.Kh4 Rd7 31.Rxd7 Bxd7 32.Qh8+ Ke7 33.Qxa8
1-0